000 00646nam a22002417a 4500
005 20170124110210.0
010 _a652881
020 _c00.00
035 _a652881
037 _bCen Lib/Ret
040 _aDPL
_bEN
082 _a164
_bCOP
100 _aCopi, Irving M.
_938081
245 _aSymbolic logic /
_cby Irving M.Copi
250 _a3rd ed
260 _aLondon
_bThe Macmillan
_c1971
270 _aCollier Macmillan
_bLondon
300 _a400p.
_c19cm(Hb)
500 _aIncludes index
650 _aLogic, Symbolic
_938082
650 _aLogic, Symbolic and mathematical
_936037
942 _2ddc
_cEN
_h164
_mCOP
999 _c133489
_d133489